[Event "Open - 5 Day"]
[Site "Philadephia"]
[Date "2001.07.06"]
[Round "4"]
[White "Kececioglu, John"]
[Black "Hanken, Jerome"]
[Result "1-0"]
[WhiteElo "1909"]
[BlackElo "2200"]
[PlyCount "86"]
[EventDate "2001.07.04"]

1. d4 c5 2. d5 e5 3. e4 d6 4. c4 Be7 5. Bd3 Bg5 6. Nd2 Nf6 7. Ngf3 Bg4 8. h3
Bxf3 9. Qxf3 O-O 10. h4 Bxd2+ 11. Bxd2 Qd7 12. Bg5 Ne8 13. g4 f6 14. Bd2 Nc7
15. a4 Nba6 16. Kd1 Nb4 17. Be2 b6 18. Qb3 a5 19. Qg3 Rae8 20. Kc1 Kh8 21. b3
Re7 22. Kb2 Nca6 23. Rag1 Ref7 24. Bf1 Qe7 25. Bh3 g6 26. Bh6 Rg8 27. Bd2 {
Diagram #} 27... Nb8 28. g5 f5 29. exf5 gxf5 30. Bc3 Rgg7 31. Qe3 Nd7 32. f4
Qf8 33. Rg3 Re7 34. Rh2 exf4 35. Qxf4 Ne5 36. Bf1 Kg8 37. h5 Re8 38. Rhg2 Rge7
39. g6 hxg6 40. hxg6 Rg7 41. Qh6 Ng4 42. Rxg4 fxg4 43. Rh2 Qf6 1-0

[Event "Open - 5 Day"]
[Site "Philadelphia"]
[Date "2001.07.06"]
[Round "4"]
[White "Fang, Joseph H"]
[Black "Lapshun, Yury"]
[Result "1-0"]
[WhiteElo "2280"]
[BlackElo "2499"]
[PlyCount "53"]
[EventDate "2001.07"]

1. Nf3 Nf6 2. c4 g6 3. Nc3 Bg7 4. e4 O-O 5. d4 c6 6. Be2 d5 7. exd5 cxd5 8. O-O
Nc6 9. Re1 Bf5 10. Bg5 dxc4 11. Bxc4 Rc8 12. a3 h6 13. Bh4 g5 14. Bg3 g4 15. d5
Nb4 16. Nd4 Bg6 17. Bb3 Nd3 18. Re3 Nxb2 19. Qe2 Rxc3 20. Rxc3 Ne4 21. Re3 Nxg3
22. Rxg3 Bxd4 23. Qxg4 Qb6 24. d6 {Diagram #} 24... Kh8 25. Qf4 Kg7 26. dxe7
Re8 27. Qxf7+ 1-0

[Event "Open - 5 Day"]
[Site "Philadelphia"]
[Date "2001.07.06"]
[Round "4"]
[White "Filatov, Leonid"]
[Black "Van Delft, Meryn"]
[Result "1/2-1/2"]
[WhiteElo "2281"]
[BlackElo "2386"]
[PlyCount "74"]
[EventDate "2001.07"]

1. d4 Nf6 2. Nf3 g6 3. Bf4 Bg7 4. e3 O-O 5. Be2 d6 6. h3 Nbd7 7. O-O Ne4 8. c4
e5 9. Bh2 Qe7 10. Qc2 exd4 11. exd4 Ng5 12. Nbd2 Nxf3+ 13. Nxf3 b6 14. Rfe1 Qd8
15. Bd3 Bb7 16. Be4 Bxe4 17. Qxe4 Nf6 18. Qc6 Qd7 19. Qxd7 Nxd7 20. Re7 Rfd8
21. Rae1 Bf6 22. R7e2 Nf8 23. d5 Kg7 24. Bf4 h6 25. Be3 Nd7 26. Bd4 a5 27.
Bxf6+ Kxf6 28. Nd4 Ne5 29. b3 g5 30. a4 Nd3 31. Rd1 Nc5 32. Re3 Re8 33. Rde1
Re5 34. Nc6 Rxe3 35. Rxe3 h5 36. g3 g4 37. hxg4 hxg4 1/2-1/2

[Event "Open - 5 Day"]
[Site "Philadelphia"]
[Date "2001.07.06"]
[Round "4"]
[White "Garcia, Gildardo"]
[Black "Shapiro, Daniel E"]
[Result "1-0"]
[WhiteElo "2538"]
[BlackElo "2280"]
[PlyCount "81"]
[EventDate "2001.07"]

1. e4 c5 2. Nf3 e6 3. d4 cxd4 4. Nxd4 a6 5. Bd3 g6 6. Be3 Bg7 7. Qd2 Ne7 8. Nc3
Nbc6 9. Be2 Qc7 10. O-O-O b5 11. Kb1 h5 12. f4 b4 13. Na4 Rb8 14. Bf3 Na5 15.
b3 f5 16. e5 g5 17. g3 g4 18. Bg2 Bb7 19. Nxe6 dxe6 20. Bb6 Qc8 21. Bxa5 Bxg2
22. Qxg2 Nd5 23. Rxd5 exd5 24. Rd1 Qc6 25. Rxd5 O-O 26. Qd2 Rfc8 27. Nb6 Re8
28. Nc4 h4 29. Rd6 Qh1+ 30. Kb2 Rb5 31. a4 bxa3+ 32. Ka2 Kh7 33. Rd7 Rc8 34.
Rxg7+ Kxg7 35. Qd7+ Kh6 36. Qe6+ Kg7 37. Qxc8 Qxh2 38. Qxf5 Qxg3 39. Bd8 Qf3
40. Bf6+ Kg8 41. Qc8+ 1-0

[Event "Open - 5 Day"]
[Site "Philadelphia"]
[Date "2001.07.06"]
[Round "4"]
[White "Goletiani, Rusudan"]
[Black "Zaitshik, Gennadi"]
[Result "1/2-1/2"]
[WhiteElo "2339"]
[BlackElo "2568"]
[PlyCount "95"]
[EventDate "2001.07"]

1. Nf3 g6 2. d4 Bg7 3. b3 f5 4. Bb2 Nf6 5. e3 O-O 6. Be2 b6 7. c4 Bb7 8. d5 Na6
9. Nbd2 c6 10. dxc6 Bxc6 11. O-O Bb7 12. a3 e6 13. b4 Qe7 14. Qb3 Kh8 15. Rac1
d6 16. Rfd1 Nc7 17. c5 dxc5 18. bxc5 Ba6 19. Bxa6 Nxa6 20. cxb6 axb6 21. Nc4
Nc5 22. Qb5 Na4 23. Be5 Nd5 24. Qb3 Rfc8 25. Nd6 Rxc1 26. Rxc1 Nc5 27. Qb5 Kg8
28. Qc6 Rd8 29. Nc8 Qd7 30. Qxd7 Rxd7 31. Bxg7 Kxg7 32. Kf1 Rc7 33. Nd6 Ra7 34.
Nc4 Ne4 35. Rb1 Ndc3 36. Rb3 b5 37. Ncd2 Rc7 38. Nxe4 Nxe4 39. Nd4 Kf6 40. Rxb5
Rc1+ 41. Ke2 Rg1 42. Kf3 Ra1 43. Rb2 Rxa3 44. h4 h6 45. g3 Ra6 46. Rc2 g5 47.
hxg5+ hxg5 48. g4 1/2-1/2

[Event "Open - 5 Day"]
[Site "Philadelphia"]
[Date "2001.07.06"]
[Round "4"]
[White "Kaufman, Lawrence"]
[Black "Fernandez, Daniel"]
[Result "1-0"]
[WhiteElo "2461"]
[BlackElo "2291"]
[PlyCount "79"]
[EventDate "2001.07"]

1. c4 e5 2. Nc3 Nf6 3. Nf3 Nc6 4. g3 g6 5. d4 exd4 6. Nxd4 Bg7 7. Nxc6 bxc6 8.
Bg2 O-O 9. O-O Rb8 10. Qa4 a6 11. Rd1 c5 12. Qc2 Bb7 13. e4 Ng4 14. Qe2 f5 15.
exf5 Bxg2 16. Kxg2 Bxc3 17. bxc3 gxf5 18. h3 Nf6 19. Bg5 Rb6 20. Qf3 Re6 21.
Rd5 f4 22. Rf5 Qe8 23. Bh6 Rf7 24. Bxf4 d6 25. Rb1 Ne4 26. Rxf7 Qxf7 27. Rb8+
Kg7 28. Rc8 h5 29. h4 Re7 30. Ra8 Kg6 31. Rh8 Qf5 32. Rh6+ Kg7 33. Rxh5 Qe6 34.
Rh6 Qf5 35. h5 c6 36. Rg6+ Kh7 37. Bxd6 Rf7 38. Bf4 Nd2 39. Qxc6 Nxc4 40. Rh6+
1-0

[Event "Open - 5 Day"]
[Site "Philadelphia"]
[Date "2001.07.06"]
[Round "4"]
[White "Knecht, Mark E"]
[Black "Shibut, Macon A"]
[Result "0-1"]
[WhiteElo "2092"]
[BlackElo "2362"]
[PlyCount "110"]
[EventDate "2001.07"]

1. d4 Nf6 2. Nf3 g6 3. Bf4 Bg7 4. e3 O-O 5. h3 d5 6. Be2 c5 7. c3 Nc6 8. O-O
Nd7 9. Nbd2 b6 10. a4 Bb7 11. Qb3 e5 12. dxe5 Ndxe5 13. Nxe5 Nxe5 14. Nf3 Qe7
15. Nxe5 Bxe5 16. Bxe5 Qxe5 17. Bf3 Rfd8 18. Rfd1 Rd6 19. a5 Rad8 20. axb6 axb6
21. Ra7 Bc8 22. Ra8 Kg7 23. Rb8 Rf6 24. Rxc8 Rxc8 25. Rxd5 Qc7 26. Qd1 Qa7 27.
Rd7 Rc7 28. Rd8 Qa2 29. Ra8 Ra7 30. Bd5 Qa5 31. b4 Qa3 32. Rxa7 Qxa7 33. bxc5
bxc5 34. c4 Qa2 35. Qe1 Qb2 36. e4 Qd4 37. Qe2 h5 38. Qe1 Ra6 39. Qe2 Ra1+ 40.
Kh2 Qe5+ 41. g3 h4 42. Qf3 hxg3+ 43. Qxg3 f6 44. Kg2 Qxg3+ 45. Kxg3 Rg1+ 46.
Kf3 Kf8 47. Kf4 Re1 48. f3 Ke7 49. h4 Kf8 50. Be6 Kg7 51. Bd5 Kh6 52. Bf7 Kh5
53. Kg3 Rh1 54. Be8 Rg1+ 55. Kh2 Rc1 0-1

[Event "Open - 5 Day"]
[Site "Philadelphia"]
[Date "2001.07.06"]
[Round "4"]
[White "Paschall, William"]
[Black "Rensch, Daniel"]
[Result "0-1"]
[WhiteElo "2448"]
[BlackElo "2283"]
[PlyCount "82"]
[EventDate "2001.07"]

1. e4 c5 2. Nf3 d6 3. d4 cxd4 4. Nxd4 Nf6 5. Nc3 g6 6. Be2 Bg7 7. O-O Nc6 8.
Nb3 O-O 9. Kh1 a6 10. f4 b5 11. Bf3 Bb7 12. Nd5 Nxd5 13. exd5 Na5 14. Nd4 Qb6
15. c3 Rac8 16. Be3 Nc4 17. Bf2 Qc7 18. Rb1 Nb6 19. Qb3 Rfe8 20. Rbd1 Bf6 21.
Rfe1 Qc5 22. Qc2 Bxd5 23. Bg4 Rb8 24. f5 Bb7 25. Ne6 Qc4 26. Rd4 Qc6 27. Nf4 g5
28. Bf3 Qc7 29. Bxb7 Rxb7 30. Nh5 Bxd4 31. Bxd4 Nd7 32. h4 h6 33. hxg5 hxg5 34.
Qd2 f6 35. Re6 Ne5 36. Bxe5 dxe5 37. Qd5 Kf8 {Diagram #} 38. Qf3 ({Fritz 5.32:
} 38. Nxf6 exf6 39. Rxf6+ Kg7 40. Rg6+ Kh8 41. Rh6+ Kg7 42. Rg6+ {0.00/9})
38... Qc4 39. g3 Rd7 40. Nxf6 exf6 41. Rxf6+ Kg7 0-1

[Event "Open - 5 Day"]
[Site "Philadelphia"]
[Date "2001.07.06"]
[Round "4"]
[White "Van Buskirk, Charles"]
[Black "Gruenfeld, Yehuda"]
[Result "0-1"]
[WhiteElo "2365"]
[BlackElo "2618"]
[PlyCount "80"]
[EventDate "2001.07"]

1. d4 Nf6 2. c4 e6 3. Nc3 Bb4 4. e3 O-O 5. Bd3 d5 6. Nf3 b6 7. O-O Bb7 8. cxd5
exd5 9. Ne5 a6 10. f4 Bd6 11. Qf3 b5 12. a3 c5 13. Bd2 Qb6 14. Ne2 Ne4 15. Bxe4
dxe4 16. Qh3 Bc8 17. Qh5 Nd7 18. Nxd7 Bxd7 19. b4 cxb4 20. Bxb4 f5 21. Nc3 Be6
22. Bxd6 Qxd6 23. Rfc1 Rfc8 24. Qe2 Bc4 25. Qb2 Rab8 26. Rab1 h6 27. Qb4 Qd8
28. Qb2 Kh7 29. Ne2 a5 30. Rc2 b4 31. Rbc1 Bxe2 32. Rxe2 Rxc1+ 33. Qxc1 b3 34.
Rb2 Rc8 35. Qd2 a4 36. d5 Qd6 37. Qd4 Qc5 38. d6 Qxd4 39. exd4 Rc4 40. Rd2 e3
0-1

[Event "Open - Merged"]
[Site "Philadelphia"]
[Date "2001.07.06"]
[Round "5"]
[White "Adamson, Robby"]
[Black "Gold, Paul M"]
[Result "1-0"]
[WhiteElo "2388"]
[BlackElo "2211"]
[PlyCount "89"]
[EventDate "2001.07"]

1. e4 e6 2. d4 d5 3. Nc3 Bb4 4. e5 c5 5. a3 Bxc3+ 6. bxc3 Qc7 7. Nf3 Ne7 8. a4
b6 9. Bb5+ Bd7 10. Bd3 h6 11. O-O Nbc6 12. Re1 Na5 13. dxc5 bxc5 14. Nd2 c4 15.
Bf1 Ng6 16. Ba3 Nb7 17. a5 Nc5 18. Qh5 O-O 19. Nf3 Rfc8 20. Bc1 Qd8 21. Be3 Ne4
22. Bd4 Ng5 23. Nd2 Nh7 24. g3 Qg5 25. Qe2 Qd8 26. Bg2 Ne7 27. a6 Nf8 28. f4
Nfg6 29. Nf3 Bb5 30. h4 Rc6 31. h5 Nf8 32. g4 Bxa6 33. Qf2 Bb5 34. Bxa7 Ra6 35.
Rxa6 Bxa6 36. Bb6 Qe8 37. Be3 Bb5 38. Nd4 Bd7 39. f5 Nc6 40. Nxc6 Bxc6 41. f6
d4 42. cxd4 Ra2 43. fxg7 Nh7 44. Bxc6 Qxc6 45. Bxh6 1-0

[Event "Open - Merged"]
[Site "Philadelphia"]
[Date "2001.07.06"]
[Round "5"]
[White "Anderson, Renard W"]
[Black "Ross, Philip E"]
[Result "0-1"]
[WhiteElo "2280"]
[BlackElo "2149"]
[PlyCount "80"]
[EventDate "2001.07"]

1. e4 c5 2. Nf3 g6 3. c4 Nc6 4. d4 cxd4 5. Nxd4 Nf6 6. Nc3 d6 7. Be2 Nxd4 8.
Qxd4 Bg7 9. Bg5 O-O 10. Qd2 Be6 11. f3 Qa5 12. Rc1 Rfc8 13. b3 a6 14. Na4 Qxd2+
15. Kxd2 Nd7 16. g4 f6 17. Be3 f5 18. exf5 gxf5 19. h3 Rf8 20. f4 Nf6 21. Bd3
fxg4 22. f5 Bd7 23. Nb6 Bc6 24. Nxa8 Bxh1 25. Nc7 {Diagram #} 25... Be4 26.
Bxe4 Nxe4+ 27. Kd3 Rxf5 28. Nd5 Re5 29. hxg4 Nf6 30. Bf4 Nxd5 31. Bxe5 Nb4+ 32.
Ke4 Bxe5 33. c5 Kg7 34. cxd6 Bxd6 35. a3 Nc6 36. b4 Ne5 37. Kf5 Kf7 38. Rh1 e6+
39. Ke4 Kg6 40. g5 Nf7 0-1

[Event "Open - Merged"]
[Site "Philadelphia"]
[Date "2001.07.06"]
[Round "5"]
[White "Ashley, Maurice A"]
[Black "Ehlvest, Jan"]
[Result "0-1"]
[WhiteElo "2583"]
[BlackElo "2703"]
[PlyCount "58"]
[EventDate "2001.07"]

1. e4 c5 2. Nf3 d6 3. d4 cxd4 4. Nxd4 Nf6 5. Nc3 a6 6. Be3 e6 7. f3 b5 8. g4
Nfd7 9. Qd2 Nb6 10. Bd3 N8d7 11. O-O-O Bb7 12. Qf2 Rc8 13. Nce2 Qc7 14. Kb1 Na4
15. Rhe1 Be7 16. Bc1 O-O 17. f4 Nac5 18. Ng3 Rfe8 19. g5 Bf8 20. Nh5 Kh8 21. e5
Nxd3 22. Rxd3 dxe5 23. fxe5 Red8 24. Re2 Nc5 25. Rh3 Be4 26. Rh4 {Diagram #}
26... Nd3 27. Qg1 Bg6 28. Rh3 Nxc1 29. Kxc1 Qc4 0-1

[Event "Open - Merged"]
[Site "Philadelphia"]
[Date "2001.07.06"]
[Round "5"]
[White "Bailleau, Gerald"]
[Black "Nagle, Sean"]
[Result "0-1"]
[WhiteElo "2147"]
[BlackElo "2285"]
[PlyCount "80"]
[EventDate "2001.07"]

1. e4 c5 2. Nf3 d6 3. d4 cxd4 4. Nxd4 Nf6 5. Nc3 g6 6. Be3 Bg7 7. f3 O-O 8. Qd2
Nc6 9. Bc4 Bd7 10. O-O-O Ne5 11. Bb3 Qa5 12. Bh6 Bxh6 13. Qxh6 Rfc8 14. Nde2
Qd8 15. f4 Neg4 16. Qh4 Qb6 17. e5 dxe5 18. Rxd7 Nxd7 19. Nd5 Qd8 20. Qxg4 e6
21. Ndc3 Qb6 22. Qg3 a5 23. a3 Nc5 24. Ba2 e4 25. Kb1 Rd8 26. Qe3 Qc6 27. Bc4
Rac8 28. Bb5 Qc7 29. Nxe4 Nxe4 30. Qxe4 Rd2 31. Bd3 Rd8 32. Qe3 R8xd3 33. Qxd3
Rxd3 34. cxd3 Qc6 35. Rg1 Qc5 36. Rf1 Qh5 37. Rf2 Qxh2 38. Kc2 Qh5 39. Kd2 Qb5
40. Kc3 Qc5+ 0-1

[Event "Open - Merged"]
[Site "Philadelphia"]
[Date "2001.??.??"]
[Round "5"]
[White "Benjamin, Joel"]
[Black "Garcia, Gildardo"]
[Result "*"]
[WhiteElo "2652"]
[BlackElo "2538"]
[PlyCount "61"]
[EventDate "2001.07"]

1. e4 e5 2. Nf3 Nc6 3. Bb5 Nf6 4. d3 d6 5. c3 Bd7 6. O-O g6 7. Nbd2 Bg7 8. Re1
O-O 9. Ba4 Qe8 10. Nc4 h6 11. Bb3 Kh8 12. h3 Nh7 13. d4 Qe7 14. Be3 b6 15. Qd2
h5 16. Rad1 Rad8 17. Qc1 Bc8 18. Bh6 a6 19. Bxg7+ Kxg7 20. Ne3 Rde8 21. Nd5 Qd8
22. dxe5 Nxe5 23. Nxe5 Rxe5 24. f4 Ree8 25. e5 Bb7 26. Ne3 Qh4 27. Nd5 dxe5 28.
fxe5 Ng5 29. Qe3 Ne6 30. Rf1 Rd8 31. Kh2 *

[Event "Open - Merged"]
[Site "Philadelphia"]
[Date "2001.??.??"]
[Round "5"]
[White "Bonin, Jay R"]
[Black "Stripunsky, Alexander"]
[Result "*"]
[WhiteElo "2448"]
[BlackElo "2661"]
[PlyCount "64"]
[EventDate "2001.07"]

1. d4 d5 2. Bg5 c6 3. c3 Bf5 4. Qb3 Qb6 5. Nd2 e6 6. f3 Be7 7. Bxe7 Nxe7 8. e4
Bg6 9. Ne2 Nd7 10. Nf4 dxe4 11. fxe4 Qxb3 12. axb3 e5 13. Nd3 exd4 14. cxd4 O-O
15. Nf2 Rfd8 16. Nf3 Nf6 17. Bd3 Bh5 18. O-O Ng6 19. e5 Ng4 20. Nxg4 Bxg4 21.
Bxg6 hxg6 22. Rad1 Rd5 23. Rd2 Bxf3 24. Rxf3 Rad8 25. Rf4 R8d7 26. Re4 Re7 27.
Rde2 c5 28. dxc5 Rxc5 29. Rc4 Rexe5 30. Rxe5 Rxe5 31. Rc8+ Kh7 32. Kf2 f5 *

[Event "Open - Merged"]
[Site "Philadelphia"]
[Date "2001.07.06"]
[Round "5"]
[White "Cherniack, Alexander"]
[Black "Dougherty, Michael"]
[Result "0-1"]
[WhiteElo "2293"]
[BlackElo "2346"]
[PlyCount "56"]
[EventDate "2001.07"]

1. d4 g6 2. e4 Bg7 3. c3 d6 4. Nf3 Nd7 5. Bc4 e6 6. h4 h5 7. Bg5 Ne7 8. Nbd2 c6
9. Qe2 Qc7 10. Bd3 f6 11. Be3 e5 12. O-O-O b5 13. Kb1 O-O 14. Nh2 d5 15. exd5
cxd5 16. Bxb5 Rb8 17. Nb3 Nb6 18. dxe5 fxe5 19. Bc5 Rf4 20. Nf1 Nc4 21. Bxc4
dxc4 22. Bd6 Qb6 23. Nc5 Bf5+ 24. Ka1 Bd3 25. Nxd3 cxd3 26. Rxd3 Rxf2 27. Qxf2
Qxf2 28. Bxb8 Qe1+ 0-1

[Event "Open - Merged"]
[Site "Philadelphia"]
[Date "2001.07.06"]
[Round "5"]
[White "Curdo, John A"]
[Black "Van Buskirk, Charles"]
[Result "1/2-1/2"]
[WhiteElo "2318"]
[BlackElo "2365"]
[PlyCount "50"]
[EventDate "2001.07"]

1. e4 c5 2. Nf3 d6 3. Bb5+ Nd7 4. c3 Ngf6 5. Qe2 a6 6. Ba4 Qc7 7. O-O c4 8. Bc2
g6 9. b3 cxb3 10. axb3 Bg7 11. d4 O-O 12. c4 b6 13. Bb2 Bb7 14. Nbd2 e5 15.
Rac1 exd4 16. Nxd4 Rfe8 17. f3 Qc5 18. Qf2 Nh5 19. Rcd1 Nf4 20. Rde1 b5 21.
cxb5 axb5 22. Bb1 Qg5 23. Qg3 Qc5 24. Qf2 Qg5 25. Qg3 Qc5 1/2-1/2

[Event "Open - Merged"]
[Site "Philadelphia"]
[Date "2001.07.06"]
[Round "5"]
[White "Dean, Jim H"]
[Black "Bereolos, Peter"]
[Result "1/2-1/2"]
[WhiteElo "2204"]
[BlackElo "2366"]
[PlyCount "46"]
[EventDate "2001.07"]

1. e4 e5 2. Nf3 Nc6 3. d4 exd4 4. Nxd4 Nf6 5. Nc3 Bb4 6. Nxc6 bxc6 7. Bd3 d5 8.
exd5 cxd5 9. O-O O-O 10. Bg5 c6 11. Qf3 Be7 12. h3 h6 13. Bf4 Bd6 14. Rad1 Bxf4
15. Qxf4 Be6 16. Rfe1 Qb8 17. Qxb8 Raxb8 18. b3 c5 19. Bf1 Rfd8 20. Na4 Nd7 21.
c4 dxc4 22. Bxc4 Bxc4 23. bxc4 Nb6 {Diagram #} 1/2-1/2

[Event "Open - Merged"]
[Site "Philadelphia"]
[Date "2001.07.06"]
[Round "5"]
[White "Dunne, Alex"]
[Black "Shahade, Jennifer"]
[Result "0-1"]
[WhiteElo "2275"]
[BlackElo "2336"]
[PlyCount "118"]
[EventDate "2001.07"]

1. e4 c5 2. Nf3 d6 3. d4 Nf6 4. Nc3 cxd4 5. Nxd4 a6 6. f4 Qc7 7. Be2 g6 8. g4
Bg7 9. g5 Nfd7 10. Nd5 Qd8 11. Be3 b6 12. Qd2 Bb7 13. O-O-O Nc6 14. Nxc6 Bxc6
15. Bd4 Bxd4 16. Qxd4 O-O 17. h4 b5 18. h5 e5 19. Qd2 exf4 20. Qxf4 Bxd5 21.
Rxd5 Qe7 22. Rxd6 Nc5 23. e5 Ne6 24. Qh2 Qxg5+ 25. Rd2 Qf4 26. Bf3 Qxf3 27.
hxg6 Ng5 28. Rd3 Qf5 29. g7 Rfd8 30. Rg3 Qf4+ 31. Kb1 Rd2 32. Qg1 Rad8 33. Rd3
R2xd3 34. cxd3 Rxd3 35. Qc5 Rd8 36. Rc1 Qf5+ 37. Ka1 Kxg7 38. Qe7 Ne6 39. Rg1+
Kh8 40. Re1 Rg8 41. a3 h5 42. Qa7 Kh7 43. Ka2 Rg2 44. Rh1 Qf2 45. Rxh5+ Kg6 46.
Qxf2 Rxf2 47. Rh8 Kf5 48. Ra8 Nc5 49. e6 Kxe6 50. a4 bxa4 51. Ka3 Kd5 52. Ka2
f5 53. Ka3 f4 54. Kb4 Rxb2+ 55. Ka3 Rb3+ 56. Ka2 Re3 57. Rf8 f3 58. Rf5+ Kd4
59. Rf4+ Ne4 0-1

[Event "Open - Merged"]
[Site "Philadelphia"]
[Date "2001.07.06"]
[Round "5"]
[White "Fernandez, Daniel"]
[Black "Hajenius, Willem D"]
[Result "1-0"]
[WhiteElo "2291"]
[BlackElo "2142"]
[PlyCount "47"]
[EventDate "2001.07"]

1. e4 c5 2. Nf3 Nf6 3. d3 d6 4. g3 g6 5. Bg2 Nc6 6. O-O Bg7 7. Re1 O-O 8. c3
Qc7 9. d4 e6 10. a3 a5 11. a4 h6 12. Na3 Rd8 13. Nb5 Qb8 14. dxc5 dxc5 15.
Qxd8+ Nxd8 16. Bf4 Qxf4 17. gxf4 Nh5 18. Rad1 Nc6 19. Ne5 Kf8 20. Nxc6 bxc6 21.
e5 Nxf4 22. Bxc6 Rb8 23. Rd8+ Ke7 24. Re8# 1-0

[Event "Open - Merged"]
[Site "Philadelphia"]
[Date "2001.07.06"]
[Round "5"]
[White "Geist, Mark J"]
[Black "Price, Richard G"]
[Result "0-1"]
[WhiteElo "2274"]
[BlackElo "2132"]
[PlyCount "86"]
[EventDate "2001.07"]

1. e4 c5 2. Nf3 Nc6 3. d4 cxd4 4. Nxd4 Nf6 5. Nc3 d6 6. Be2 g6 7. O-O Bg7 8.
Be3 O-O 9. Nb3 a6 10. a4 Be6 11. f4 Na5 12. Nd2 Rc8 13. g4 Nc4 14. Nxc4 Bxc4
15. Rf2 d5 16. Bxc4 Rxc4 17. Rd2 Qc8 18. Nxd5 Nxd5 19. exd5 Bxb2 20. Rb1 {
Diagram #} 20... Bc3 21. Rg2 Rxa4 22. h4 b5 23. h5 Re4 24. Qf3 Qc4 25. Rd1 Rd8
26. Kh1 Rxd5 27. Rgg1 e6 28. h6 f6 29. Kh2 a5 30. Kh3 Kf7 31. Kh2 a4 32. Kh1 a3
33. f5 a2 34. fxg6+ Kxg6 35. Rdf1 a1=Q 36. Bc1 Qxc1 37. Rxc1 Rf4 38. Qh3 Qe4+
39. Rg2 Rf2 40. Rcg1 Rxg2 41. Rxg2 Rd1+ 42. Kh2 Be5+ 43. Rg3 Rd2+ 0-1

[Event "Open - Merged"]
[Site "Philadelphia"]
[Date "2001.07.06"]
[Round "5"]
[White "Gonzales, Jayson O"]
[Black "Bengtson, Matthew"]
[Result "1/2-1/2"]
[WhiteElo "2370"]
[BlackElo "2284"]
[PlyCount "52"]
[EventDate "2001.07"]

1. c4 c5 2. g3 g6 3. Bg2 Bg7 4. e3 Nc6 5. Ne2 e5 6. Nbc3 Nge7 7. b3 d6 8. Bb2
Be6 9. Ne4 f5 10. Ng5 Bg8 11. f4 h6 12. Nf3 Bf7 13. O-O O-O 14. d4 e4 15. Ne1
d5 16. Rc1 dxc4 17. bxc4 Na5 18. Qa4 a6 19. Ba3 Bxc4 20. Bxc5 Bxe2 21. Bxe7
Qxe7 22. Rf2 Nc4 23. Rxe2 b5 24. Qb3 Kh7 25. Kh1 Rfd8 26. Nc2 Bf6 {Diagram #}
1/2-1/2

[Event "Open - Merged"]
[Site "Philadelphia"]
[Date "2001.07.06"]
[Round "5"]
[White "Kriventsov, Stanislav"]
[Black "Finegold, Benjamin"]
[Result "0-1"]
[WhiteElo "2449"]
[BlackElo "2623"]
[PlyCount "80"]
[EventDate "2001.07"]

1. e4 e5 2. Nf3 Nc6 3. Bb5 Nf6 4. O-O Bc5 5. d3 d6 6. c3 O-O 7. Be3 Bxe3 8.
fxe3 Ne7 9. Nbd2 c6 10. Ba4 Qb6 11. Qe1 Ng6 12. Bb3 Be6 13. d4 Rae8 14. Bxe6
Rxe6 15. b3 Rfe8 16. g3 h6 17. Nc4 Qd8 18. dxe5 dxe5 19. Rd1 Qe7 20. Qf2 Nxe4
21. Qc2 Nf6 22. b4 c5 23. b5 e4 24. Nfd2 Qc7 25. Rfe1 Ng4 26. Nf1 h5 27. Rd5
Nf6 28. Rd2 Ne5 29. Nxe5 Qxe5 30. Red1 b6 31. Qb3 Qg5 32. Qa4 R6e7 33. Rd6 Ng4
34. Qc2 Re5 35. Qe2 Rf5 36. R1d2 h4 37. h3 Ne5 38. Kh2 Nd3 39. Kg1 Qe7 40. Qg4
Rxf1+ 0-1

[Event "Open - Merged"]
[Site "Philadelphia"]
[Date "2001.07.06"]
[Round "5"]
[White "Larson, Gerald A"]
[Black "Ruiz, Mauricio"]
[Result "0-1"]
[WhiteElo "2106"]
[BlackElo "2282"]
[PlyCount "58"]
[EventDate "2001.07"]

1. e4 c5 2. Nf3 d6 3. d4 cxd4 4. Nxd4 Nf6 5. Nc3 g6 6. Be3 Bg7 7. f3 Nc6 8. Qd2
O-O 9. Bc4 Bd7 10. O-O-O Rc8 11. Bb3 Ne5 12. Kb1 Nc4 13. Bxc4 Rxc4 14. g4 Qc7
15. g5 Nh5 16. Nd5 Qd8 17. b3 Rc8 18. c4 a6 19. Ne2 b5 20. Bb6 Qe8 21. c5 dxc5
22. Nc7 Rxc7 23. Bxc7 Be6 24. Qd8 Qc6 25. Qxe7 c4 26. Nd4 $2 Bxd4 27. Rxd4 cxb3
28. Rc1 bxa2+ 29. Kb2 Qxc1+ 0-1

[Event "Open - Merged"]
[Site "Philadelphia"]
[Date "2001.07.06"]
[Round "5"]
[White "Mayer, Steven F"]
[Black "Amador, Jorge E"]
[Result "1/2-1/2"]
[WhiteElo "2211"]
[BlackElo "1940"]
[PlyCount "21"]
[EventDate "2001.07"]

1. c4 f5 2. g3 Nf6 3. Bg2 g6 4. Nc3 Bg7 5. f4 O-O 6. Nh3 c6 7. Qb3 d6 8. Nf2
Qb6 9. Qc2 Na6 10. a3 Be6 11. d3 1/2-1/2

[Event "Open - Merged"]
[Site "Philadelphia"]
[Date "2001.07.06"]
[Round "5"]
[White "Milman, Lev"]
[Black "Filipovich, David"]
[Result "1/2-1/2"]
[WhiteElo "2033"]
[BlackElo "2243"]
[PlyCount "60"]
[EventDate "2001.07"]

1. e4 c6 2. Nc3 d5 3. Nf3 Bg4 4. h3 Bxf3 5. Qxf3 Nf6 6. d3 e6 7. Bd2 Be7 8. g4
dxe4 9. dxe4 Qb6 10. O-O-O Qc7 11. Bf4 e5 12. Bg3 b5 13. Qf5 Nbd7 14. g5 g6 15.
Qf3 Nh5 16. Nxb5 cxb5 17. Bxb5 Bxg5+ 18. Kb1 Nhf6 19. h4 Bf4 20. Bxf4 exf4 21.
e5 O-O 22. exf6 Nxf6 23. h5 Rab8 24. hxg6 Rxb5 25. gxh7+ Kh8 26. Rdg1 Qe5 27.
b3 Ne4 28. Qg4 Nc3+ 29. Kb2 Ne2+ 30. Kb1 Nc3+ 1/2-1/2

[Event "Open - Merged"]
[Site "Philadelphia"]
[Date "2001.07.06"]
[Round "5"]
[White "Moskvitch, Andrei"]
[Black "Dejmek, Mark W"]
[Result "1-0"]
[WhiteElo "2301"]
[BlackElo "2154"]
[PlyCount "81"]
[EventDate "2001.07"]

1. e4 c5 2. Nf3 d6 3. d4 cxd4 4. Nxd4 Nf6 5. Nc3 g6 6. Be3 Bg7 7. f3 O-O 8. Qd2
Nc6 9. O-O-O d5 10. Kb1 Rb8 11. Nb3 e6 12. g4 Re8 13. g5 Nh5 14. f4 dxe4 15.
Qxd8 Rxd8 16. Rxd8+ Nxd8 17. Bxa7 Ra8 18. Be3 Bxc3 19. bxc3 e5 20. fxe5 Nc6 21.
Bd4 Nf4 22. Bb5 Bg4 23. a4 Bf3 24. Re1 Ne7 25. Nc5 Ng2 26. Rf1 Nf5 27. Nxb7 Rb8
28. Nc5 Nge3 29. Bxe3 Nxe3 30. Re1 Ng2 31. Rxe4 Bxe4 32. Nxe4 Ne3 33. Kc1 Kf8
34. Nf6 Ke7 35. c4 Rc8 36. Nd5+ Nxd5 37. cxd5 Rc3 38. a5 Rc5 39. c4 Kd8 40. Kd2
Rc8 41. Kd3 1-0

[Event "Open - Merged"]
[Site "Philadelphia"]
[Date "2001.07.06"]
[Round "5"]
[White "Nolan, Gregory M"]
[Black "Van Tilbury, Craig"]
[Result "1/2-1/2"]
[WhiteElo "2105"]
[BlackElo "2276"]
[PlyCount "57"]
[EventDate "2001.07"]

1. d4 d5 2. c4 e5 3. dxe5 d4 4. a3 Nc6 5. Bf4 Nge7 6. Nf3 Ng6 7. Bg3 a5 8. Qd3
h5 9. h3 h4 10. Bh2 a4 11. Nbd2 Rh5 12. e3 Bc5 13. Ne4 Bb6 14. exd4 Bxd4 15.
O-O-O Bxe5 16. Qe2 Qe7 17. Nxe5 Rxe5 18. Bxe5 Ncxe5 19. Qd2 Bf5 20. Nc3 Qc5 21.
Qd4 Qxd4 22. Rxd4 Nc6 23. Rd2 Na5 24. Nd5 Nb3+ 25. Kd1 O-O-O 26. Bd3 Bxd3 27.
Rxd3 Nc5 28. Rd4 Nb3 29. Rd3 1/2-1/2

[Event "Open - Merged"]
[Site "Philadelphia"]
[Date "2001.07.06"]
[Round "5"]
[White "Nsubuga, Grace"]
[Black "Filatov, Leonid"]
[Result "1/2-1/2"]
[WhiteElo "2364"]
[BlackElo "2281"]
[PlyCount "120"]
[EventDate "2001.07"]

1. e4 e6 2. d4 d5 3. Nd2 Nf6 4. e5 Nfd7 5. Bd3 c5 6. c3 Nc6 7. Ne2 cxd4 8. cxd4
f6 9. exf6 Nxf6 10. O-O Bd6 11. Nf3 Qc7 12. Nc3 a6 13. Re1 O-O 14. h3 Bd7 15.
Bc2 Rae8 16. Bg5 Re7 17. a3 Be8 18. Qd2 h6 19. Be3 Bh5 20. Nh4 g5 21. Ng6 Bxg6
22. Bxg6 Rg7 23. Bd3 Qf7 24. g3 Qh5 25. Kg2 e5 26. Be2 g4 27. hxg4 Nxg4 28. Rh1
Nxe3+ 29. Qxe3 Qf7 30. Rxh6 exd4 31. Rah1 Qf5 32. Bd3 dxe3 33. Rh8+ Kf7 34.
Bxf5 Rxh8 35. Rxh8 exf2 36. Kxf2 Bxg3+ 37. Kf1 Ne7 38. Bc2 Be5 39. Rh3 Rg3 40.
Rxg3 Bxg3 41. Ke2 Be5 42. Nd1 Nc6 43. Ke3 Bd4+ 44. Kf4 Ke6 45. Bf5+ Kd6 46. Bc8
Nd8 47. Kf3 Kc5 48. b3 a5 49. Ke2 b5 50. Kd3 Nc6 51. Bb7 Ne5+ 52. Kc2 Ng6 53.
Nc3 Bxc3 54. Kxc3 Ne7 55. Ba8 b4+ 56. axb4+ axb4+ 57. Kc2 Kd4 58. Kd2 Nf5 59.
Bc6 Nd6 60. Kc2 Ne4 1/2-1/2